| 000 | 01357nam a2200313Ia 4500 | ||
|---|---|---|---|
| 003 | OSt | ||
| 005 | 20200821092923.0 | ||
| 008 | 191128s2009 ck ad gr 000 0 spa d | ||
| 020 | _a9789584519252 | ||
| 040 |
_aCo-JMCR _cCo-JMCR |
||
| 041 | 0 | _aspa | |
| 082 | 0 | 4 |
_a368.4004 / _bM971c _223 |
| 100 | 1 |
_aMuñoz, Ángel, _eautor _99045 |
|
| 245 | 1 | 0 |
_aConfianza en el futuro : _bpropuestas para un mejor sistema de pensiones en Colombia / _cÁngel Muñoz, Carolina Romero, Juan Téllez, David Tuesta |
| 260 |
_aBogotá : _bGrupo Editorial Norma, _c2009. |
||
| 300 |
_a218 páginas : _bgraficos a blanco y negro ; _c23 cm. |
||
| 490 | 0 | _aEstudios previsionales | |
| 500 | _aIncluye datos biográficos de los autores en solapa frontal. | ||
| 504 | _aBibliografía : páginas 205-218. | ||
| 505 | 0 | _aLa reforma de pensiones y el desempeño del sistema en los últimos 15 años -- Efecto económico de las reformas pensionales : ¿Qué hemos aprendido? -- Contexto y metedología para las proyecciones de mediano plazo | |
| 650 | 2 | 4 |
_aSeguridad social _zColombia _97785 |
| 650 | 2 | 4 |
_aPensiones _zColombia _98670 |
| 650 | 2 | 4 |
_aReforma pensional _99046 |
| 650 | 2 | 4 |
_aPropuestas _zColombia _99047 |
| 700 | 1 |
_aRomero, Carolina, _eautora _99048 |
|
| 700 | 1 |
_a Téllez, Juana, _eautora _99049 |
|
| 700 | 1 |
_aTuesta, David, _eautora _99050 |
|
| 942 |
_2ddc _cBK |
||
| 999 |
_c6042 _d6042 |
||